000 00245nam a2200097Ia 4500
001 1029754
005 20250826231434.0
008 250824s9999 xx 000 0 und d
245 0 _aHADESİN KÖPEĞİ
_cLUCY COATS
260 _bHEP KİTAP YAYINLARI
999 _c1029754
_d1029754